000253593 001__ 253593
000253593 005__ 20240928175056.0
000253593 0247_ $$aG:(GEPRIS)283369270$$d283369270
000253593 035__ $$aG:(GEPRIS)283369270
000253593 040__ $$aGEPRIS$$chttp://gepris.its.kfa-juelich.de
000253593 150__ $$aImmersive digitale Realität$$y2016 - 2023
000253593 371__ $$aProfessor Dr.-Ing. Marcus Magnor
000253593 450__ $$aDFG project G:(GEPRIS)283369270$$wd$$y2016 - 2023
000253593 5101_ $$0I:(DE-588b)2007744-0$$aDeutsche Forschungsgemeinschaft$$bDFG
000253593 680__ $$aMit der kommerziellen Marktreife von VR-Brillen wie der Oculus Rift stellt sich die neue Herausforderung, neben rein computergraphisch generierten, virtuellen Inhalten auch unsere natürliche Welt authentisch immersiv erleben zu wollen. Gegenstand des beantragten Vorhabens ist es daher, beliebige natürliche dynamische Szenen umfassend aufzunehmen, zu verarbeiten, digital zu reprä
000253593 909CO $$ooai:juser.fz-juelich.de:920195$$pauthority$$pauthority:GRANT
000253593 909CO $$ooai:juser.fz-juelich.de:920195
000253593 980__ $$aG
000253593 980__ $$aAUTHORITY